The Great Scientist-Charles Babbage (Record no. 236216)

MARC details
000 -LEADER
fixed length control field 00365nam a2200145Ia 4500
005 - DATE AND TIME OF LATEST TRANSACTION
control field 20250729165439.0
008 - FIXED-LENGTH DATA ELEMENTS--GENERAL INFORMATION
fixed length control field 250729s2005 xx 000 0 und d
041 ## - LANGUAGE CODE
Language code of text/sound track or separate title eng
082 ## - DEWEY DECIMAL CLASSIFICATION NUMBER
Classification number 500 BHAG
100 ## - MAIN ENTRY--PERSONAL NAME
Personal name Bhandarkar L Sreekar
9 (RLIN) 224046
245 ## - TITLE STATEMENT
Title The Great Scientist-Charles Babbage
260 ## - PUBLICATION, DISTRIBUTION, ETC.
Place of publication, distribution, etc. Bangalore
Date of publication, distribution, etc. 2005
300 ## - PHYSICAL DESCRIPTION
Extent 32p
650 ## - SUBJECT ADDED ENTRY--TOPICAL TERM
Topical term or geographic name entry element Science
9 (RLIN) 224047
Holdings
Withdrawn status Lost status Damaged status Not for loan Home library Current library Date acquired Source of acquisition Cost, normal purchase price Total Checkouts Full call number Barcode Date last seen Cost, replacement price Price effective from Koha item type
        St Aloysius Library St Aloysius Library 07/29/2025 School Book Company 22.00   500 BHAG BED01535 07/29/2025 22.00 07/29/2025 Book